[Event "Challenge"]
[Site "http://www.queenalice.com/game.php?id=389326"]
[Date "2008.4.17"]
[Round "-"]
[White "Puman"]
[Black "criscapitao"]
[Result "0-1"]
[WhiteElo "1527"]
[BlackElo "1213"]

1. d4 d5 2. Nf3 e6 3. Bf4 Bb4+ 4. c3 Be7 5. e3 h5 6. h3 b5 7. Bxb5+ Bd7 8. Bd3
Nf6 9. Nbd2 a5 10. O-O Nh7 11. Qc2 Nf6 12. e4 dxe4 13. Nxe4 g6 14. Nxf6+ Bxf6
15. Ne5 Bc6 16. Bxg6 fxg6 17. Qxg6+ Ke7 18. Qf7+ Kd6 19. Nxc6+ Kxc6 20. Qxe6+
Kb7 21. Qe4+ Kc8 22. Qxa8 Kd7 23. Qd5+ Kc8 24. Rfe1 Qxd5 25. b3 Qf5 26. Bh2 Nd7
27. Re2 Qd3 0-1

[Event "Challenge"]
[Site "http://www.queenalice.com/game.php?id=389330"]
[Date "2008.4.17"]
[Round "-"]
[White "b3nedtiojr"]
[Black "criscapitao"]
[Result "1-0"]
[WhiteElo "1186"]
[BlackElo "1193"]

1. e4 e5 2. Nf3 Qf6 3. Nc3 Bc5 4. Bd3 b6 5. O-O Qf4 6. Nd5 Kf8 7. Nxc7 Bb7 8.
Nxa8 Bxa8 9. g3 Qg4 10. Nxe5 Qh3 11. Qf3 Qe6 12. Bc4 Qxe5 13. Qxf7# 1-0

[Event "Challenge"]
[Site "http://www.queenalice.com/game.php?id=389332"]
[Date "2008.4.17"]
[Round "-"]
[White "blauwmeisje7"]
[Black "criscapitao"]
[Result "0-1"]
[WhiteElo "1246"]
[BlackElo "1166"]

1. c4 e5 2. Nc3 d6 3. g4 Nf6 4. Nf3 Nxg4 5. Bh3 Qe7 6. Bxg4 Bxg4 7. Nd5 Kd8 8.
Nxe7 Kxe7 9. d3 f6 10. Be3 Kf7 11. Rg1 Kg8 12. Rxg4 a5 13. Nh4 Nc6 14. Nf5 Ne7
15. Nxe7+ Bxe7 0-1

[Event "Challenge"]
[Site "http://www.queenalice.com/game.php?id=389334"]
[Date "2008.4.17"]
[Round "-"]
[White "jld"]
[Black "criscapitao"]
[Result "1-0"]
[WhiteElo "1091"]
[BlackElo "1253"]

1. e4 e5 2. c3 f6 3. d4 d6 4. Bb5+ Bd7 5. Ba4 g6 6. h4 h5 7. Na3 a5 8. f3 Ne7 9.
Nc4 Ra6 10. g4 Bg7 11. gxh5 gxh5 12. Nh3 Ng6 13. Rg1 Kf7 14. Qb3 Kf8 15. Rxg6 b6
16. Be3 Bxh3 17. O-O-O Bg2 18. Rxg2 Rh7 19. Bb5 Ra7 20. Rdg1 Qe7 21. Na3 Na6 22.
Bh6 Bxh6+ 23. f4 Rh8 24. Rg8+ Rxg8 25. Rxg8# 1-0

[Event "Challenge"]
[Site "http://www.queenalice.com/game.php?id=389335"]
[Date "2008.4.17"]
[Round "-"]
[White "Wilson"]
[Black "criscapitao"]
[Result "1-0"]
[WhiteElo "1271"]
[BlackElo "1190"]

1. e4 e5 2. Bc4 Qe7 3. Nf3 Qc5 4. d3 Qb4+ 5. c3 Qe7 6. O-O d6 7. Bg5 Qd7 8. Nh4
h5 9. Nd2 a5 10. Qb3 Qg4 11. Bxf7+ Kd7 12. Ng6 Qxg5 13. Qe6+ Kc6 14. Be8+ Kb6
15. Qd5 c6 16. Nc4+ Ka7 17. Qxa5+ Na6 18. Nxf8 Qe7 19. Qb6+ Kb8 20. Bxc6 Nf6 21.
Ng6 Qf7 22. Ngxe5 dxe5 23. Nxe5 Qe7 24. Ng6 Rh6 25. Nf4 Ng4 26. Nd5 Qf7 27. f3
Nf6 28. Ne3 h4 29. b4 Nh5 30. b5 Nc7 31. a4 Nf4 32. a5 Nxd3 33. Nd5 Nxd5 34.
Bxd5 Qe7 35. Qd4 Nf4 36. a6 Nxd5 37. a7+ Rxa7 38. Qxa7+ Kc7 39. c4 Ne3 40. Rfc1
Kd8 41. Qb6+ Ke8 42. Qxe3 Rg6 43. Ra8 Qd8 44. c5 Re6 45. b6 g5 46. Qb3 Rf6 47.
Rd1 Qe7 48. Rxc8+ Qd8 49. Rcxd8+ Ke7 50. R1d7# 1-0

[Event "Challenge"]
[Site "http://www.queenalice.com/game.php?id=404023"]
[Date "2008.5.16"]
[Round "-"]
[White "Kuroi"]
[Black "criscapitao"]
[Result "1-0"]
[WhiteElo "1440"]
[BlackElo "1219"]

1. d4 g6 2. e4 c6 3. Bf4 Qa5+ 4. c3 d6 5. Nf3 Nf6 6. Ng5 Nxe4 7. Nxe4 d5 8. Ng5
f6 9. b4 Qd8 10. Bd3 fxg5 11. Bxg5 a6 12. O-O Qd6 13. Qe2 Rg8 14. Nd2 h5 15.
Rae1 Nd7 16. Qd1 Nf6 17. Be3 Bd7 18. Qa4 Ng4 19. b5 cxb5 20. Qd1 Rc8 21. g3 Rxc3
22. f3 Nf6 23. Nb1 Rc8 24. Bf4 Qc6 25. Re3 Bh3 26. Rfe1 e6 27. Be5 Nd7 28. Nc3
Qxc3 29. Bf4 Qc6 30. R1e2 Bg7 31. Qe1 Bxd4 32. Rc2 Qb6 33. Rxc8+ Ke7 34. Rxg8
Bxe3+ 35. Bxe3 Qc7 36. Bg5+ Kd6 37. Bf4+ Ne5 38. Bxe5+ Kc6 39. Bxc7 Kd7 40. Rg7+
Ke8 41. Bxg6+ Kf8 42. Rf7+ Ke8 43. Qxe6+ Bxe6 44. Rf6+ Ke7 45. Be5 b6 46. Bxh5
d4 47. Bxd4 a5 48. Bg4 Bd5 49. Rxb6 b4 50. h4 a4 51. h5 Bxa2 52. Rxb4 Be6 53.
Rb7+ Kd6 54. h6 Kd5 55. Rb4 Kd6 56. h7 a3 57. h8=Q a2 58. Qe5+ Kc6 59. Qxe6+ Kc7
60. Be5+ 1-0

[Event "Challenge"]
[Site "http://www.queenalice.com/game.php?id=404025"]
[Date "2008.5.16"]
[Round "-"]
[White "petrovic"]
[Black "criscapitao"]
[Result "1-0"]
[WhiteElo "1334"]
[BlackElo "1205"]

1. e4 e5 2. Nf3 f6 3. d4 exd4 4. Qxd4 c6 5. Bd3 Qa5+ 6. Bd2 Qc7 7. O-O Kd8 8. e5
c5 9. Qh4 d5 10. exf6 gxf6 11. Ne5 Be6 12. Bf4 Kc8 13. Ng6 Bg7 14. Nxh8 Qd7 15.
Qxh7 Bf8 16. Qxd7+ Nxd7 17. Ng6 Bg7 18. Nc3 d4 19. Nb5 a6 20. Nc7 Rb8 21. Nxe6
Ra8 22. Nxg7 b6 23. Rae1 Kb7 24. Be4+ Ka7 25. Bxa8 Kxa8 26. Re8+ Kb7 27. Rxg8
Kc6 28. a4 b5 29. Rc8+ Kb6 30. axb5 axb5 31. Ra1 1-0

[Event "Challenge"]
[Site "http://www.queenalice.com/game.php?id=404511"]
[Date "2008.5.17"]
[Round "-"]
[White "criscapitao"]
[Black "Matrim"]
[Result "0-1"]
[WhiteElo "1212"]
[BlackElo "1723"]

1. d4 d5 2. c3 e6 3. b3 b5 4. e3 a5 5. g3 g5 6. Bxb5+ c6 7. Ba4 h5 8. Nd2 g4 9.
b4 axb4 10. cxb4 Bxb4 11. Ne2 Nf6 12. Bb3 h4 13. a3 Ne4 14. axb4 Rxa1 15. Nxe4
dxe4 16. gxh4 Rxh4 17. Bc2 f5 18. Nf4 Na6 19. Ba4 Bd7 20. Bb3 Qb6 21. O-O Qxb4
22. Ng6 Rh6 23. Ne5 Rb1 24. Ba2 Ra1 25. Qc2 c5 26. Nxd7 Kxd7 27. Bc4 cxd4 28.
exd4 Qd6 29. f4 Rh3 30. Qa4+ Rxa4 31. Bb5+ Ke7 32. Bxa4 Qxd4+ 33. Kh1 Qxa4 34.
Bb2 Qc2 35. Bd4 Qxh2# 0-1

[Event "Challenge"]
[Site "http://www.queenalice.com/game.php?id=405972"]
[Date "2008.5.21"]
[Round "-"]
[White "criscapitao"]
[Black "Krajnicov"]
[Result "0-1"]
[WhiteElo "1210"]
[BlackElo "1433"]

1. g4 d5 2. Bg2 Qd6 3. d4 Bxg4 4. c3 Na6 5. Qd3 Qe6 6. Kf1 Qf6 7. f3 Bf5 8. Qd2
O-O-O 9. Na3 Rd6 10. Nb5 Rb6 11. Nxa7+ Kb8 12. Nh3 Kxa7 13. Nf4 e5 14. Nd3 h5
15. Rb1 Rh6 16. Qe3 Rg6 17. dxe5 Qg5 18. Qxg5 Rxg5 19. Bxg5 Nc5 20. Bd8 Ne6 21.
f4 Nxd8 22. Ke1 c6 23. Ra1 Ne6 24. b4 h4 25. Nb2 Be4 26. Bxe4 dxe4 27. Na4 Ra6
28. Nb2 Ra3 29. Nc4 Rxc3 30. Nd2 e3 31. Ne4 Ra3 32. Rg1 Bxb4+ 33. Kf1 Nxf4 34.
Rb1 Bd2 35. Nxd2 exd2 36. Rd1 Rxa2 37. Rb1 c5 38. Rg4 Ng6 39. Rc4 b6 40. Rcb4
Nxe5 41. Rxb6 Nc4 42. Rb7+ Ka6 43. Kf2 Rb2 44. Ra1+ Kxb7 45. Rc1 dxc1=Q 0-1

[Event "Challenge"]
[Site "http://www.queenalice.com/game.php?id=406424"]
[Date "2008.5.22"]
[Round "-"]
[White "criscapitao"]
[Black "prog2"]
[Result "0-1"]
[WhiteElo "1205"]
[BlackElo "1572"]

1. e4 e5 2. g3 Nf6 3. f3 Bc5 4. Ne2 O-O 5. c4 d6 6. b3 Nc6 7. Bg2 Be6 8. Nbc3
Nd4 9. Nxd4 Bxd4 10. Qe2 a6 11. h3 Nh5 12. Rh2 c6 13. h4 b5 14. g4 Nf4 15. Qf1
bxc4 16. bxc4 Rb8 17. Qe2 Nxe2 18. Kxe2 Qa5 19. Bb2 Rxb2 20. a3 Qxc3 21. Rd1
Qe3+ 22. Kf1 Bxc4+ 0-1

[Event "Let's Play Chess!"]
[Site "http://www.queenalice.com/game.php?id=419892"]
[Date "2008.6.20"]
[Round "-"]
[White "therota2"]
[Black "criscapitao"]
[Result "0-1"]
[WhiteElo "1158"]
[BlackElo "1205"]

1. d4 d5 2. c4 e6 3. f4 Qh4+ 4. g3 Qd8 5. Nf3 c6 6. a3 Qa5+ 7. b4 Qd8 8. Nbd2
Na6 9. e4 dxe4 10. Nxe4 Ne7 11. Bb2 Nc7 12. c5 Ncd5 13. Nd6+ Kd7 0-1

[Event "Challenge"]
[Site "http://www.queenalice.com/game.php?id=429290"]
[Date "2008.7.8"]
[Round "-"]
[White "Matrim"]
[Black "criscapitao"]
[Result "1-0"]
[WhiteElo "1792"]
[BlackElo "1203"]

1. d4 c6 2. c4 b6 3. d5 Ba6 4. e4 e5 5. f3 b5 6. b3 g6 7. h4 Bb4+ 8. Bd2 Bc5 9.
Bg5 f6 10. Bd2 Bd4 11. Nc3 b4 12. Rc1 bxc3 13. Bxc3 c5 14. Bxd4 exd4 15. a4 Qc7
16. Ne2 Qa5+ 17. Kf2 Bc8 18. h5 d6 19. hxg6 h6 20. Nf4 Qc7 21. g4 a5 22. Nh5 Kd8
23. g7 Rh7 24. Bd3 Nd7 25. e5 Nxe5 26. Bxh7 Ne7 27. Nxf6 Ng8 28. Nxg8 Qxg7 29.
Rxh6 Qg5 30. Rxd6+ Kc7 31. Rh6 Nf7 32. Rf6 Qh5 33. gxh5 1-0

[Event "Chesspionship #1"]
[Site "http://www.queenalice.com/game.php?id=431699"]
[Date "2008.7.11"]
[Round "1"]
[White "soonersam"]
[Black "criscapitao"]
[Result "1/2-1/2"]
[WhiteElo "973"]
[BlackElo "1201"]

1. e4 c5 2. d3 Qa5+ 3. Bd2 Qb5 4. Nc3 Qxb2 5. f3 g6 6. g4 h5 7. gxh5 Rxh5 8. f4
b6 9. Na4 Qb5 10. Nc3 Qa6 11. Be2 Rh6 12. f5 Bg7 13. Bxh6 Bxh6 14. Qd2 Bxd2+ 15.
Kxd2 Qa3 16. Nb1 Qb2 17. Nh3 Qxa1 18. c3 Qb2+ 19. Ke3 a5 20. Nf2 a4 21. fxg6
fxg6 22. a3 e5 23. h4 d6 24. h5 gxh5 25. Rxh5 Qxb1 26. Rh8 Qg1 27. Kf3 Ra7 28.
Ke3 Qg7 29. Rh1 Rf7 30. Bh5 Nd7 31. Bxf7+ Kxf7 32. Nh3 Qg4 33. c4 Qg3+ 34. Ke2
Qg2+ 35. Ke3 Qxh1 36. Nf2 Qg2 37. Ke2 Qxf2+ 38. Kxf2 Nh6 39. Kf3 Nf6 40. Kg3 Be6
41. Kh4 Nhg8 42. Kg5 Nh7+ 43. Kh5 Ngf6+ 44. Kh6 Bf5 45. d4 Nf8 46. dxc5 dxc5 47.
exf5 Ng4+ 48. Kg5 Ne3 49. f6 Nxc4 50. Kf5 Nxa3 51. Kxe5 Nc4+ 52. Ke4 a3 53. Kd3
Na5 54. Kc2 a2 55. Kb2 Nc4+ 56. Kxa2 Kxf6 57. Kb3 b5 58. Kc3 Na5 59. Kb2 b4 60.
Ka2 c4 61. Kb2 b3 62. Kc3 Ne6 63. Kb2 Nc5 64. Kc3 Na4+ 65. Kb4 b2 66. Ka3 b1=Q
67. Kxa4 Qb6 68. Ka3 c3 69. Ka2 c2 70. Ka3 c1=B+ 71. Ka4 Nc4 1/2-1/2

[Event "AUTO-BEG-246"]
[Site "http://www.queenalice.com/game.php?id=455810"]
[Date "2008.8.30"]
[Round "1"]
[White "criscapitao"]
[Black "roberto_falk"]
[Result "0-1"]
[WhiteElo "1217"]
[BlackElo "1381"]

1. d4 d5 2. c3 Nf6 3. e3 a6 4. Qa4+ Bd7 5. Qb3 Nc6 6. Nh3 e5 7. dxe5 Nxe5 8.
Qxb7 Bc6 9. Qb3 Rb8 10. Qc2 Nfg4 11. Qf5 Bd7 12. Qf4 Bd6 13. Bxa6 Bb5 14. a4
Nd3+ 15. Kd2 Nxf4 16. exf4 d4 17. axb5 dxc3+ 18. bxc3 Bxf4+ 19. Ke2 Bxc1 20.
Rxc1 O-O 21. Kf1 Qd3+ 22. Kg1 Rbd8 23. Re1 Qd1 24. Nd2 Qxd2 25. Rf1 Qd6 26. f3
Qxh2# 0-1

[Event "AUTO-BEG-246"]
[Site "http://www.queenalice.com/game.php?id=455811"]
[Date "2008.8.30"]
[Round "1"]
[White "roberto_falk"]
[Black "criscapitao"]
[Result "1-0"]
[WhiteElo "1341"]
[BlackElo "1228"]

1. e4 e5 2. Nf3 d6 3. h3 a5 4. Nc3 b6 5. Bc4 Qd7 6. Ng5 Qc6 7. Bb3 g6 8. Qf3 Qd7
9. Nd5 h6 10. Nxc7+ Qxc7 11. Bxf7+ Kd8 12. Ne6+ Ke7 13. Nxc7 Ra7 14. Nd5+ Kd8
15. Bxg6 a4 16. Qxf8+ 1-0

[Event "AUTO-BEG-246"]
[Site "http://www.queenalice.com/game.php?id=455812"]
[Date "2008.8.30"]
[Round "1"]
[White "criscapitao"]
[Black "Denny"]
[Result "1-0"]
[WhiteElo "1192"]
[BlackElo "1411"]

1. Nc3 e5 2. e4 Bc5 3. Na4 Bb4 4. c3 Bd6 5. Nf3 Nf6 6. Qe2 Nc6 7. Ng5 h6 8. Nf3
Qe7 9. g3 Qe6 10. h4 O-O 11. Bg2 Nh5 12. Bh3 Qe7 13. d3 b5 14. b3 bxa4 15. bxa4
Ba6 16. Rb1 Rfb8 17. Ra1 Bc5 18. Qc2 Qf6 19. O-O Re8 20. Bxd7 Re7 21. Bg4 Qg6
22. Nh2 Nxg3 23. Re1 h5 24. Bh3 Qf6 25. Kg2 Qg6 26. Qb3 Rb8 27. Qd5 Qd6 28. Kxg3
Qg6+ 29. Ng4 Rd8 30. Qxc6 Qxc6 31. f3 Rxd3 32. Nh2 1-0

[Event "AUTO-BEG-246"]
[Site "http://www.queenalice.com/game.php?id=455813"]
[Date "2008.8.30"]
[Round "1"]
[White "Denny"]
[Black "criscapitao"]
[Result "1-0"]
[WhiteElo "1432"]
[BlackElo "1208"]

1. e4 e5 2. Bc4 Nf6 3. d3 a6 4. c3 c5 5. Nf3 Qe7 6. O-O g6 7. Bg5 a5 8. Qb3 h5
9. Nxe5 Qxe5 10. f4 Qd6 11. e5 Qc7 12. Bxf6 d6 13. Bxh8 dxe5 14. fxe5 Bh6 15.
Bxf7+ Kd8 16. Bf6+ 1-0

[Event "Challenge"]
[Site "http://www.queenalice.com/game.php?id=474717"]
[Date "2008.10.8"]
[Round "-"]
[White "criscapitao"]
[Black "Kuroi"]
[Result "0-1"]
[WhiteElo "1209"]
[BlackElo "1710"]

1. d4 d5 2. c3 e6 3. Qa4+ Bd7 4. Qc2 Nf6 5. h4 Ng4 6. f3 Nf6 7. g4 Bd6 8. b4
Bg3+ 9. Kd2 Bb5 10. g5 Nh5 11. Nh3 Qd6 12. Na3 Bc4 13. Nxc4 Bf4+ 14. Kd1 Bg3 15.
Nxd6+ Bxd6 16. Qa4+ c6 17. Qa5 Ng3 18. Bg2 Nxh1 19. Bxh1 O-O 20. Qa4 b5 21. Qc2
Na6 22. Qxh7+ Kxh7 23. f4 Kg6 24. Bf3 f6 25. a3 Rh8 26. h5+ Kf7 27. h6 g6 28.
Bg4 f5 29. Bf3 Rae8 30. e3 Nc7 31. a4 a6 32. axb5 cxb5 33. Ra2 Ra8 34. Rd2 a5
35. Rb2 a4 36. Ra2 Ra6 37. Bg2 Rha8 38. Nf2 a3 39. Bf1 Kg8 0-1

[Event "Chesspionship #1"]
[Site "http://www.queenalice.com/game.php?id=482255"]
[Date "2008.10.24"]
[Round "2"]
[White "criscapitao"]
[Black "DrIgO"]
[Result "0-1"]
[WhiteElo "1217"]
[BlackElo "1424"]

1. d4 d5 2. c3 b6 3. h4 Bg4 4. f3 Bf5 5. Qa4+ Bd7 6. Qb3 Bf5 7. Qa4+ Qd7 8. Qb3
Nc6 9. c4 Nxd4 10. Qe3 Nc2+ 11. Kd1 Nxe3+ 12. Bxe3 dxc4+ 13. Nd2 O-O-O 14. Rc1
Qa4+ 15. b3 cxb3 16. axb3 Rxd2+ 17. Ke1 Qxb3 18. Bxd2 Qb2 19. Rd1 e5 20. e4 Bd7
21. Ba6+ Kb8 22. Bd3 Bb4 23. Bxb4 Qxb4+ 24. Kf1 Qb3 25. Re1 Qxd3+ 26. Ne2 Ne7
27. g3 g5 28. hxg5 Qxf3+ 29. Kg1 Bc6 30. Rh2 Qe3+ 31. Kf1 h5 32. Rd1 Bxe4 33.
Rd7 Qf3+ 0-1